00697cam a2200217 a 45000010008000000030004000080050017000120080041000290100017000700200015000870400018001020500020001200820026001401000032001662450059001982460042002572600036002993000030003356300025003658560089003902598212OSt20190405160407.0970604s1997 tnub 000 0 eng  a 97025241  a0785212477 aDLCcDLCdDLC00aBS490b.H5 199700aREF 220.77221bH521M1 aHenry, Matthew,d1662-1714.00aMatthew Henry's concise commentary on the whole Bible.30aConcise commentary on the whole Bible aNashville :bT. Nelson,cc1997. a1331 p. :bmaps ;c24 cm.00aBiblexCommentaries.423Publisher descriptionuhttp://www.loc.gov/catdir/enhancements/fy0609/97025241-d.html